|
|
|
|
| LEADER |
00000cam a2200000 7i4500 |
| 001 |
0000031358 |
| 005 |
20120210.0 |
| 008 |
120210 |
| 020 |
|
|
|a 9830401685
|
| 090 |
0 |
0 |
|a 297.82
|b ZAK
|
| 100 |
1 |
|
|a Zakaria @ Mahmod Daud
|
| 245 |
1 |
0 |
|a Sejarah kelahiran syiah
|c Zakaria @ Mahmod Daud
|
| 260 |
|
|
|a Selangor :
|b Al-Ramadhan ,
|c 1996
|
| 650 |
|
0 |
|a Shi'ah
|x doctrines
|
| 999 |
|
|
|a 0000459149
|b Book
|c Adult Collection
|e Cawangan Muar
|
| 999 |
|
|
|a 0000459151
|b Book
|c Adult Collection
|e Cawangan Pontian
|
| 999 |
|
|
|a 0000459152
|b Book
|c Adult Collection
|e Cawangan Muar
|
| 999 |
|
|
|a 0000775791
|b Book
|c Adult Collection
|e Cawangan Pontian
|
| 999 |
|
|
|a 0000775794
|b Book
|c Adult Collection
|e Cawangan Pontian
|
| 999 |
|
|
|a 0000789315
|b Book
|c Adult Collection
|e Cawangan Segamat
|
| 999 |
|
|
|a 0000789317
|b Book
|c Adult Collection
|e Cawangan Segamat
|
| 999 |
|
|
|a 0000789318
|b Book
|c Adult Collection
|e Cawangan Segamat
|
| 999 |
|
|
|a 0000834360
|b Book
|c Adult Collection
|e Cawangan Mersing
|
| 999 |
|
|
|a 0000834361
|b Book
|c Adult Collection
|e Cawangan Mersing
|
| 999 |
|
|
|a 0001028264
|b Book
|c Adult Collection
|e Perbadanan Perpustakaan Awam Johor
|
| 999 |
|
|
|a 0001028285
|b Book
|c Adult Collection
|e Perbadanan Perpustakaan Awam Johor
|